banner koha

Eluição de magnésio, cálcio e potássio de acordo com o tempo de difusão em colunas com agregados de um latossolo vermelho distrófico típico (Registro n. 174762)

MARC details
000 -LÍDER
campo de controle de tamanho fixo 01215nas a2200397 4500
001 - NÚMERO DE CONTROLE
campo de controle BR0302477
003 - IDENTIFICADOR DO NÚMERO DE CONTROLE
campo de controle BR-BrBNA
005 - DATA E HORÁRIO DA ÚLTIMA TRANSAÇÃO
campo de controle 20231205103807.0
007 - CAMPO FIXO DE DESCRIÇÃO FÍSICA--INFORMAÇÃO GERAL
campo de controle de tamanho fixo ta
008 - CAMPO DE DADOS FIXOS--INFORMAÇÃO GERAL
campo de controle de tamanho fixo 230509b bl.|||p| |||| 00| 00por d
040 ## - FONTE DA CATALOGAÇÃO
Instituição da catalogação original BR-BrBNA
Idioma da catalogação por
Instituição que transcreveu o registro Biblioteca Nacional de Agricultura
041 ## - CÓDIGO DE IDIOMA
Código do idioma do texto/trilha sonora ou título diferente (Pt)
072 ## - CÓDIGO DE CATEGORIA DE ASSUNTO
Código de Categoria de Assunto P33; P35; F61
100 1# - ENTRADA PRINCIPAL--NOME PESSOAL
Nome pessoal Araújo, C.A.S.
100 1# - ENTRADA PRINCIPAL--NOME PESSOAL
Nome pessoal Ruiz, H.A.
100 1# - ENTRADA PRINCIPAL--NOME PESSOAL
Nome pessoal Silva, D.J.
100 1# - ENTRADA PRINCIPAL--NOME PESSOAL
Nome pessoal Ferreira, P.A.
100 1# - ENTRADA PRINCIPAL--NOME PESSOAL
Nome pessoal Alvarez, V.H.V.
100 1# - ENTRADA PRINCIPAL--NOME PESSOAL
Nome pessoal Bahia Filho, A.F.C.
245 1# - TÍTULO
Título Eluição de magnésio, cálcio e potássio de acordo com o tempo de difusão em colunas com agregados de um latossolo vermelho distrófico típico
650 ## - ASSUNTO--TERMO TÓPICO
Cabeçalho tópico ou nome geográfico MILHO
650 ## - ASSUNTO--TERMO TÓPICO
Cabeçalho tópico ou nome geográfico LATOSSOLO VERMELHO
650 ## - ASSUNTO--TERMO TÓPICO
Cabeçalho tópico ou nome geográfico LATOSSOLO DISTRÓFICO
650 ## - ASSUNTO--TERMO TÓPICO
Cabeçalho tópico ou nome geográfico LIXIVIAÇÃO
650 ## - ASSUNTO--TERMO TÓPICO
Cabeçalho tópico ou nome geográfico TRANSPORTE DE NUTRIENTE
650 ## - ASSUNTO--TERMO TÓPICO
Cabeçalho tópico ou nome geográfico ÁGUA
650 ## - ASSUNTO--TERMO TÓPICO
Cabeçalho tópico ou nome geográfico DESTILAÇÃO
650 ## - ASSUNTO--TERMO TÓPICO
Cabeçalho tópico ou nome geográfico ANÁLISE QUANTITATIVA
650 ## - ASSUNTO--TERMO TÓPICO
Cabeçalho tópico ou nome geográfico MAGNÉSIO
650 ## - ASSUNTO--TERMO TÓPICO
Cabeçalho tópico ou nome geográfico CÁLCIO
650 ## - ASSUNTO--TERMO TÓPICO
Cabeçalho tópico ou nome geográfico POTÁSSIO
650 ## - ASSUNTO--TERMO TÓPICO
Cabeçalho tópico ou nome geográfico RAIZ
773 0# - ENTRADA ANALÍTICA
Título Revista Brasileira de Ciência do Solo (Brazil)
ISSN - International Standard Serial Number ISSN 0100-0683
Partes relacionadas (Mar-Apr 2003), v. 27(2) p. 231-238
Número de controle do registro BR0302477
909 ## -
-- 202311
-- Lúcia
-- 55
-- Lúcia Elande
942 ## - ELEMENTOS DE ENTRADA ADICIONADOS (KOHA)
Fonte da classificação ou esquema de arquivamento na estante Classificação AGRIS
Ocultar no OPAC Não
Tipo de material Koha Analítica
Exemplares
Situação do descarte Fonte da classificação ou esquema de arquivamento na estante Situação física Não pode ser emprestado Biblioteca de origem Biblioteca atual Localização na estante Enumeração do periódico / cronologia Total de empréstimos Data de último acesso Número do exemplar Tipo de material Koha Fonte de aquisição
  Classificação AGRIS   Consulta local Biblioteca Nacional de Agricultura - Binagri Biblioteca Nacional de Agricultura - Binagri   (Mar-Apr 2003), v. 27(2) p. 231-238   29/11/2023 01 Periódicos Portaria Interministerial nº 164/94

BINAGRI

Telefone: (61)3218-2567/2388/3357/2097 - binagri@agro.gov.br

Ministério da Agricultura e Pecuária , Esplanada dos Ministérios, Bloco D, Anexo B, Brasília/DF, CEP: 70.043-900